The writings of Henry Fielding
Αποθηκεύτηκε σε:
| Κύριος συγγραφέας: | |
|---|---|
| Μορφή: | Βιβλίο |
| Γλώσσα: | Αγγλικά |
| Έκδοση: |
Edimburgo
W. P. Nimmo, Hay and Mitchell
1887
|
| Θέματα: | |
| Ετικέτες: |
Προσθήκη ετικέτας
Δεν υπάρχουν, Καταχωρήστε ετικέτα πρώτοι!
|
MARC
| LEADER | 00000nam a2200000 a 4500 | ||
|---|---|---|---|
| 001 | UCI1524 | ||
| 003 | CL-VaPUC | ||
| 008 | 070706e18870000UK |||||||||||||||||eng|d | ||
| 082 | 0 | 4 | |a 823 |b FIE |2 21 |
| 100 | 0 | |a Fielding, Henry |e author |9 321128 | |
| 245 | 1 | 4 | |a The writings of Henry Fielding |
| 300 | |a 703 p | ||
| 942 | |c BK | ||
| 945 | |d 20070706 00:00:00 |a rbrito | ||
| 260 | |a Edimburgo |b W. P. Nimmo, Hay and Mitchell |c 1887 | ||
| 650 | 0 | |a Novelas inglesas |9 265220 | |
| 583 | |a last modification |c 20120322 04:55:46 |k Rodrigo Vera | ||
| 999 | |c 326327 |d 326325 | ||
| 952 | |0 0 |1 0 |4 0 |6 823_000000000000000_FIE_1887 |7 0 |8 P |9 408173 |a BIBEDU |b BIBEDU |d 2019-11-22 |i 4346106 |o 823 FIE 1887 |p 4346106 |r 2019-11-22 |w 2019-11-22 |y BK |k LIT | ||